[Event "ROU-ch Women 2018"]
[Site "Olanesti"]
[Date "2018.05.21"]
[Round "8"]
[White "Sandu, Mihaela"]
[Black "Bulmaga, Irina"]
[Result "0-1"]
[WhiteElo "2258"]
[BlackElo "2415"]
[Annotator "TA"]
[PlyCount "70"]
[EventDate "2018.??.??"]
[EventType "swiss"]
[EventCountry "ROU"]
[SourceTitle "playchess.com"]
[Source "ChessBase"]
[SourceQuality "1"]

{[%evp 22,70,41,34,31,41,34,0,0,11,47,50,39,34,71,70,67,58,61,12,18,8,18,28,36,33,36,40,73,0,25,-22,-19,-14,0,-37,-35,-27,-25,0,0,-87,-32,-849,-852,-1854,-1778,-29989,-29980,-29964,-29970]} 1. e4 c5 2. Nf3 Nc6 3. d4 cxd4 4. Nxd4 e5 5. Nb5 {[%cal Bd4b5,Bb5a3,Ba3c4][%mdl 32]} d6 6. N1c3 a6 7. Na3 Be6 8. Nc4 b5 9. Ne3 Nf6 {B32: Sicilian: Löwenthal and Kalashnikov Variations} 10. g3 g6 11. Bg2 Bg7 12. O-O {LiveBook: 3 Games} Rc8 13. Ncd5 Bxd5 14. Nxd5 (14. exd5 {feels hotter.} Na5 15. Qe2 Qb6 16. b3 O-O 17. Bd2) 14... Nxd5 15. exd5 Ne7 16. c3 {[#]} O-O $146 ({Predecessor:} 16... Rb8 17. Qe2 {0-1 (40) Medarde Santiago,L (2317)-Edouard,R (2641) Llucmajor 2016}) 17. a4 f5 {[%cal Bf7f5,Bf5f4][%mdl 32]} 18. axb5 axb5 19. Qb3 Qd7 20. Rd1 f4 21. Ra5 Rb8 22. Qb4 Rfc8 23. Ra6 Nf5 24. Rc6 fxg3 25. fxg3 (25. hxg3 $16 Bf8 26. Bd2) 25... Rf8 26. Qe4 Ra8 27. Qe2 Ra1 28. Kh1 Bh6 $36 {[%mdl 2048] Black is pushing.} 29. Bxh6 Rxd1+ 30. Qxd1 Nxh6 31. h3 (31. Qe2 $11) 31... Nf5 (31... e4 $17 32. Qe2 Nf5) 32. Qg4 $2 {[%mdl 8192] [#]} (32. Qe1 $15) 32... Qa7 $19 33. c4 Qf2 34. cxb5 Nxg3+ 35. Kh2 Ne2 {Precision: White = 37%, Black = 50%.} 0-1

[Event "ROU-ch Women 2018"]
[Site "Olanesti"]
[Date "2018.05.21"]
[Round "8"]
[White "Ciocan, Maria-Alexandra"]
[Black "Cosma, Elena-Luminita"]
[Result "0-1"]
[WhiteElo "2021"]
[BlackElo "2331"]
[Annotator "TA"]
[PlyCount "92"]
[EventDate "2018.??.??"]
[EventType "swiss"]
[EventCountry "ROU"]
[SourceTitle "playchess.com"]
[Source "ChessBase"]
[SourceQuality "1"]

{[%evp 18,92,-28,-36,-41,-35,-32,-133,-126,-112,-97,-123,-135,-160,-98,-125,-119,-241,-231,-297,-310,-609,-607,-792,-767,-751,-475,-464,-479,-469,-471,-460,-419,-412,-405,-470,-448,-455,-477,-452,-458,-650,-566,-550,-407,-937,-929,-879,-824,-845,-543,-785,-781,-759,-735,-768,-574,-587,-572,-587,-570,-616,-591,-1158,-1106,-1089,-991,-1567,-1615,-1632,-691,-29978,-2042,-5593,-1902,-29988,-29989]} 1. Nf3 d5 2. g3 c5 3. Bg2 Nc6 4. d3 e5 5. O-O Nf6 6. Nbd2 Be7 7. e4 O-O 8. a4 Re8 9. exd5 Nxd5 10. Nc4 f6 {A08: King's Indian Attack} 11. Nh4 Be6 12. f4 $146 (12. Qh5 $15) ({Predecessor:} 12. Be4 g6 13. Nxg6 hxg6 14. Bxg6 Bf8 15. Bxe8 Qxe8 16. Re1 Qg6 17. Re4 Rd8 18. Bd2 Rd7 19. a5 Rh7 20. g4 Bf5 {0-1 (20) Koenig,D (2290)-Pielnik,R (2260) Schwaebisch Gmuend 1996}) 12... exf4 $17 {Black is clearly better.} 13. gxf4 Qd7 14. f5 Bf7 15. Be4 {[#]} Nb6 ({Black should play} 15... Rad8 $1 16. Re1 Bf8) 16. Ne3 Rad8 17. c3 (17. a5 $17 Nc8 18. Qf3) 17... Ne5 $19 18. Qc2 Nxd3 19. Rd1 $2 (19. Bxd3 Qxd3 20. Qxd3 Rxd3 21. a5) 19... c4 20. Qg2 Bc5 21. b4 Bxe3+ 22. Bxe3 Bd5 23. Bxd5+ Nxd5 (23... Qxd5 $2 24. Bxb6 axb6 25. Qxd5+ Rxd5 26. Rf1 $19) 24. Bd2 Ne3 25. Bxe3 Rxe3 26. Qg4 Qd5 27. Ra2 Rde8 28. Ng2 R3e4 29. Qh5 (29. Qf3 $142) 29... Qe5 30. Rc2 g6 31. Qh6 (31. Qf3 $142) 31... Qxf5 32. Rf1 Qe6 33. a5 f5 34. Kh1 Qc6 {[#] ( -> ...Re2)} 35. Kg1 Rg4 {Hoping for ...Ne1.} 36. h3 Rge4 37. Qg5 Qe6 38. Qg3 Qe5 39. Qf3 Re7 40. h4 Rg4 41. a6 b5 42. Qa8+ Kg7 43. Kh1 Qg3 (43... Rg3 $142 44. Rf3 f4) 44. Qc6 Qh3+ (44... Ne1 $142 45. Rd2 Qh3+ 46. Kg1 Qe3+ 47. Rff2 Nxg2 48. Qxg2 Rxg2+ 49. Kxg2 f4 50. Rxf4 Qxf4 51. Rf2 Qg4+ 52. Kf1 Qh3+ 53. Rg2 h5 54. Kg1 Re1+ 55. Kf2 Qe3#) 45. Kg1 Qxh4 (45... Ne1 $142 46. Rb2 Nxg2 47. Qxg2 Rxg2+ 48. Rxg2 Qxh4) 46. Qxb5 Ne1 {Precision: White = 27%, Black = 71%.} 0-1

[Event "ROU-ch Women 2018"]
[Site "Olanesti"]
[Date "2018.05.21"]
[Round "8"]
[White "Lehaci, Miruna-Daria"]
[Black "Cosman, Andreea-Marioara"]
[Result "0-1"]
[WhiteElo "1905"]
[BlackElo "2130"]
[Annotator "TA"]
[PlyCount "66"]
[EventDate "2018.??.??"]
[EventType "swiss"]
[EventCountry "ROU"]
[SourceTitle "playchess.com"]
[Source "ChessBase"]
[SourceQuality "1"]

{[%evp 9,66,26,21,10,18,12,23,16,27,32,37,25,62,47,46,45,68,53,67,67,115,131,122,67,66,67,71,64,74,64,75,29,64,35,34,15,8,-5,-4,-13,0,0,12,19,50,54,73,67,75,72,83,52,111,8,12,6,12,-29998,-29999]} 1. e4 c5 2. Nf3 d6 3. Bc4 e6 4. c3 (4. O-O Nf6 5. d3 Be7 6. Nbd2 a6 7. Re1 O-O 8. c3 b5 9. Bb3 Bb7 10. Bc2 Nc6 11. Nf1 Rc8 12. Ng3 Ne5 13. Ng5 {1-0 (46) Artemiev,V (2691)-Jumabayev,R (2612) Riadh 2017}) 4... Qc7 5. d3 Nf6 6. O-O {B50: Sicilian: 2...d6, Miscellaneous} Be7 7. Re1 Nbd7 8. Nbd2 {White has an edge.} Ne5 $146 ({Predecessor:} 8... a6 9. Bb3 b6 10. Nf1 Bb7 11. Ng3 O-O 12. Bf4 Rad8 13. Rc1 {1-0 (39) Okhotnik,V (2447)-Rovatti,P (1903) Omegna 2009}) 9. Nxe5 dxe5 10. a4 Rb8 11. Bb3 O-O 12. Nc4 Bd7 13. Re3 Bc6 14. Rh3 Rfd8 15. Qf3 b5 {[#]} 16. axb5 (16. Nxe5 $1 $16 {[%mdl 512] Black must now prevent Bf4.} b4 (16... Qxe5 17. Bf4) 17. Nxc6 Qxc6 18. Bc4) 16... Bxb5 $14 17. Ba2 Bxc4 18. Bxc4 Rb6 19. b3 g6 20. Be3 Rb7 21. Qg3 {And now f4 would win.} Ne8 22. Bg5 {Hoping for Bxe7.} Nd6 $1 23. Bxe7 Qxe7 24. Qxe5 Nxc4 25. bxc4 f6 (25... a5 {is more complex.} 26. g4 Ra8 27. Ra4 f6 28. Qf4 Rb1+) 26. Qf4 $1 e5 27. Qc1 Qd7 28. Re3 Rdb8 29. h3 Rb2 30. Qd1 R8b3 {[#]} (30... a5 $14) 31. d4 (31. Re2 $1 $16) 31... cxd4 32. cxd4 Qxd4 33. Rxb3 $4 {[%mdl 8192]} (33. Qxd4 $11 exd4 34. Rxb3 Rxb3 35. Rxa7) 33... Qxf2+ {Precision: White = 43%, Black = 44%.} 0-1

[Event "ROU-ch Women 2018"]
[Site "Olanesti"]
[Date "2018.05.21"]
[Round "8"]
[White "Panainte, Andreea-Bianca"]
[Black "Coman, Emilia-Florentina"]
[Result "1/2-1/2"]
[WhiteElo "1894"]
[BlackElo "1869"]
[Annotator "NA"]
[PlyCount "59"]
[EventDate "2018.??.??"]
[EventType "swiss"]
[EventCountry "ROU"]
[SourceTitle "playchess.com"]
[Source "ChessBase"]
[SourceQuality "1"]
[TimeControl "40/5400+30:1800+30"]

1. e4 e6 {[%emt 0:02:10]} 2. d4 {[%emt 0:00:00]} d5 {[%emt 0:00:09]} 3. Nc3 {[%emt 0:00:00]} Nf6 {[%emt 0:00:03]} 4. Bg5 {[%emt 0:00:00]} Be7 {[%emt 0:00:04]} 5. e5 {[%emt 0:00:00]} Nfd7 {[%emt 0:00:04]} 6. Bxe7 {[%emt 0:00:00]} Qxe7 {[%emt 0:00:04]} 7. f4 {[%emt 0:00:04]} a6 {[%emt 0:00:09]} 8. Nf3 {[%emt 0:00:08]} c5 {[%emt 0:00:04]} 9. Qd2 {[%emt 0:00:28]} Nc6 {[%emt 0:00:10]} 10. dxc5 {[%emt 0:00:05]} Nxc5 {[%emt 0:00:21]} 11. Bd3 {[%emt 0:00:08]} Nxd3+ {[%emt 0:01:53]} 12. cxd3 {[%emt 0:02:43]} O-O {[%emt 0:01:29]} 13. d4 {[%emt 0:00:13]} b5 {[%emt 0:02:27]} 14. O-O {[%emt 0:01:00]} Bd7 {[%emt 0:06:54]} 15. b3 {[%emt 0:06:33]} Na7 {[%emt 0:15:36]} 16. Qd3 {[%emt 0:10:30]} h6 {[%emt 0:10:35]} 17. f5 {[%emt 0:02:39]} f6 {[%emt 0:05:25]} 18. Nh4 {[%emt 0:05:29]} Be8 {[%emt 0:02:38]} 19. fxe6 {[%emt 0:05:53]} Qxe6 {[%emt 0:00:26]} 20. exf6 {[%emt 0:06:17]} Rxf6 {[%emt 0:00:27]} 21. Rae1 {[%emt 0:00:28]} Rxf1+ {[%emt 0:04:08]} 22. Qxf1 {[%emt 0:00:16]} Qf7 {[%emt 0:01:06]} 23. Nf5 {[%emt 0:00:33]} Nc6 {[%emt 0:00:38]} 24. Nd6 {[%emt 0:03:48]} Qxf1+ {[%emt 0:01:10]} 25. Kxf1 {[%emt 0:00:03]} Bh5 {[%emt 0:03:37]} 26. h3 {[%emt 0:12:06]} b4 {[%emt 0:14:46]} 27. Nxd5 {[%emt 0:06:53]} Rd8 {[%emt 0:02:02]} 28. Re6 Nxd4 {[%emt 0:00:44]} 29. Re4 {[%emt 0:02:41]} Nc6 30. Re1 1/2-1/2

[Event "ROU-ch Women 2018"]
[Site "Olanesti"]
[Date "2018.05.21"]
[Round "8"]
[White "Ciolacu, Alessia-Mihaela"]
[Black "Sgircea, Silvia-Raluca"]
[Result "0-1"]
[WhiteElo "1843"]
[BlackElo "2198"]
[Annotator "TA"]
[PlyCount "80"]
[EventDate "2018.??.??"]
[EventType "swiss"]
[EventCountry "ROU"]
[SourceTitle "playchess.com"]
[Source "ChessBase"]
[SourceQuality "1"]

{[%evp 9,80,16,22,5,10,-29,-28,-32,-17,-33,0,-12,0,0,5,10,12,-10,0,0,24,-42,-34,-38,-64,-50,-2,-16,0,-7,-38,-34,-39,-41,-28,-45,-30,-40,-39,-81,-62,-101,-106,-91,-101,-161,-158,-249,-247,-256,-219,-259,-271,-389,-370,-552,-538,-561,-555,-559,-553,-694,-683,-752,-741,-727,-718,-842,-614,-745,-678,-653,-650]} 1. d4 Nf6 2. Bf4 c5 3. e3 Qb6 4. Nc3 d6 5. Rb1 g6 {LiveBook: 4 Games} 6. Be2 $146 {A45: Trompowsky Attack} ({Predecessor:} 6. h3 Bg7 7. Nf3 O-O 8. Be2 cxd4 9. exd4 Bf5 10. O-O Nc6 11. a3 Rac8 {0-1 (35) Mingo Fernandez,M (2302)-Munoz Pantoja,M (2562) Cornella 2014}) 6... Bg7 7. d5 Qa5 8. Qd2 {Black has an edge.} O-O 9. h4 h5 10. Nh3 Nbd7 11. Ng5 Ne5 12. O-O Bd7 13. Rbd1 Ne8 14. e4 Rb8 15. Bxe5 (15. a4 $11) 15... Bxe5 $15 16. f4 Bd4+ 17. Kh1 Qb4 18. Rb1 Bg7 19. Bd3 c4 20. a3 Qc5 21. Be2 $1 b5 22. Na2 Nc7 {[%cal Be8c7,Bc7a6,Ba6c5][%mdl 32]} 23. f5 Qd4 $36 {[%mdl 2048] Black has the initiative.} 24. Qf4 Qe5 25. Qf2 {[#]} Na6 $1 26. Bf3 Nc5 27. Nc3 (27. Nb4 $17) 27... a5 $19 {[%cal Ba7a5,Ba5b4,Bb4b3,Bb3c2][%mdl 32]} 28. Rbe1 (28. Nd1 $17 {was worth a try.}) 28... b4 29. axb4 axb4 30. Nd1 b3 31. Ne3 (31. Re2 {was necessary.}) 31... Qxb2 32. Nxc4 (32. Qe2 {is a better defense.}) 32... Qxc2 {Black is clearly winning.} 33. Qxc2 bxc2 34. Rc1 Ba4 35. Be2 f6 36. Ne6 Nxe6 37. dxe6 Bh6 38. Rce1 Bb3 39. Bd3 Bxc4 40. Bxc4 Rfc8 {Precision: White = 24%, Black = 52%.} 0-1

[Event "ROU-ch Women 2018"]
[Site "Olanesti"]
[Date "2018.05.22"]
[Round "9"]
[White "Bulmaga, Irina"]
[Black "Cosman, Andreea-Marioara"]
[Result "0-1"]
[WhiteElo "2415"]
[BlackElo "2130"]
[Annotator "TA"]
[PlyCount "124"]
[EventDate "2018.??.??"]
[EventType "swiss"]
[EventCountry "ROU"]
[SourceTitle "playchess.com"]
[Source "ChessBase"]
[SourceQuality "1"]

{[%evp 19,124,23,28,30,58,44,58,58,68,45,62,47,60,41,50,42,75,42,69,79,81,59,71,70,82,81,87,70,69,83,72,21,67,-6,64,64,102,20,31,0,0,0,0,0,2,13,133,0,0,-142,0,-218,-212,-294,-289,-353,-343,-345,-345,-345,0,-721,-718,-743,-689,-1575,-1509,-1286,-1000,-29981,-29982,-29982,-29983,-29981,-11499,-7220,-5616,-5189,-2512,-29958,-29960,-7641,-7440,-6205,-5983,-29973,-29977,-29977,-29978,-29978,-29979,-29979,-29980,-29980,-29981,-29981,-29982,-29982,-29983,-29984,-29985,-29985,-29986,-29986,-29987,-29987,-29988]} 1. e4 c5 2. Nf3 d6 3. Bb5+ Bd7 4. c4 g6 5. O-O Bg7 6. d4 {B52: Sicilian: Moscow Variation with 3...Bd7} cxd4 7. Nxd4 Nc6 8. Bxc6 Bxc6 9. Nc3 Nf6 10. Re1 Rc8 {LiveBook: 5 Games} 11. b3 Qd7 $146 ({Predecessor:} 11... O-O 12. Bb2 a6 {½-½ (29) Grigoriants,S (2603)-Hracek,Z (2609) Hungary 2016}) 12. f3 O-O 13. Be3 {[%cal Bc1e3,Be3f2,Bf2d4][%mdl 32]} Rfd8 14. Rc1 b6 15. Qe2 Qb7 16. a4 e6 17. Red1 Qb8 18. Bf2 Nh5 19. Nxc6 Rxc6 20. g3 Rcc8 21. Bd4 Nf6 22. Qb2 h5 23. Nb5 Ne8 24. Bxg7 Nxg7 25. Qd4 (25. Rd3 $16) 25... Ne8 26. Rd3 ({White should play} 26. Nc3 $14) 26... a6 (26... d5 $11 27. exd5 exd5) 27. Nc3 $36 {[%mdl 2048] White is pushing.} Nc7 28. Rcd1 (28. g4 $16) 28... b5 $1 $11 29. e5 d5 30. c5 a5 31. g4 hxg4 32. fxg4 {aiming for Rf1.} bxa4 (32... b4 $1 $11 33. Ne2 Na6) 33. Nxa4 (33. Qf2 $16) 33... Na6 34. Qf4 (34. Rf1 $11 Rf8 35. Qe3) 34... Qb4 ({Better is} 34... Nxc5 $17 35. Rf1 (35. Nxc5 Qb6 $17) 35... Qa7 36. Nxc5 Qxc5+ 37. Kh1 Rd7) 35. Rd4 $2 (35. Qg5 $1 $11) 35... Qxb3 $19 36. Rf1 Rf8 37. Nb6 Rc7 38. Rf3 Qb1+ 39. Rf1 Qb3 $2 (39... Qb5 $19 40. Na4 Nxc5 41. Nxc5 Qxc5) 40. h4 $2 {[%mdl 8192]} (40. Rf3 $11 Qb1+ 41. Rf1) 40... Nxc5 41. Na4 Ne4 42. Rxe4 dxe4 43. h5 Qh3 44. hxg6 Rc2 {[%csl Gc2][%cal Rh3g2]} 45. gxf7+ Kh8 {[%csl Gc2][%cal Rh3g2]} 46. Rf2 Rxf2 (46... Rxf7 $142 47. Qxf7 Qg3+ 48. Kh1 Rxf2 49. Qe8+ Kg7 50. Qe7+ Rf7 51. Qg5+ Kh8 52. Qf6+ Rxf6 53. exf6 Qe1+ 54. Kh2 e3 55. f7 Qf2+ 56. Kh3 e2 57. g5 Qxf7 58. Kh2 e1=Q 59. Kg2 Qh5 60. Nc5 Qhh1#) 47. Kxf2 {[#]} Qf3+ $1 48. Qxf3 exf3 49. Kxf3 Rxf7+ {[%mdl 4096] Endgame KR-KN} 50. Ke4 Rc7 {( -> ...Rc4+)} 51. Kd4 Kg7 52. Nc5 {[#]} Rxc5 $1 {[%mdl 512] Black mates.} 53. Kxc5 {KPP-KPP} Kg6 54. Kb5 Kg5 55. Kxa5 Kxg4 {KP-KP} 56. Kb4 Kf4 57. Kc3 Kxe5 58. Kd3 Kf4 $1 {[%cal Be5f4,Bf4f3,Bf3e3][%mdl 32]} 59. Kd2 Kf3 60. Kd3 {[#]} e5 $1 {[%cal Be6e5,Be5e4][%mdl 32]} 61. Kd2 {[#]} e4 $1 62. Ke1 Ke3 {Precision: White = 32%, Black = 54%.} 0-1

[Event "ROU-ch Women 2018"]
[Site "Olanesti"]
[Date "2018.05.22"]
[Round "9"]
[White "Peptan, Corina-Isabela"]
[Black "Sgircea, Silvia-Raluca"]
[Result "1-0"]
[WhiteElo "2393"]
[BlackElo "2198"]
[Annotator "TA"]
[PlyCount "117"]
[EventDate "2018.??.??"]
[EventType "swiss"]
[EventCountry "ROU"]
[SourceTitle "playchess.com"]
[Source "ChessBase"]
[SourceQuality "1"]

{[%evp 11,117,7,6,-12,-12,-12,-10,-10,-6,-5,-8,-21,0,-17,-24,-37,0,-11,-15,-22,0,-2,0,0,6,0,34,42,23,33,34,25,34,0,52,52,60,60,60,60,65,65,64,66,60,52,52,44,52,52,58,16,77,77,77,77,77,77,104,77,79,77,81,77,77,77,77,75,77,43,90,88,116,75,138,0,0,0,37,37,37,37,37,37,37,37,37,37,37,37,37,0,37,37,37,35,30,0,0,0,0,0,37,37,1173,1164,1156,1118]} 1. c4 c5 2. b3 Nc6 3. Bb2 d6 (3... e5 4. g3 g6 5. Nc3 Bg7 6. e3 Nge7 7. Bg2 d6 8. Nh3 Rb8 9. f4 O-O 10. O-O a6 11. Ne4 f5 12. Nef2 {0-1 (39) Savchenko,B (2563)-Gonda,L (2510) Budapest 2018}) 4. g3 e5 5. Bg2 Nge7 6. Nc3 {A30: Symmetrical English: Double Fianchetto and Hedgehog} g6 {LiveBook: 3 Games} 7. a3 Bg7 8. e3 {The position is equal.} O-O 9. Nge2 Be6 10. Nd5 Qd7 11. h4 $146 ({Predecessor:} 11. h3 b5 12. Nxe7+ Nxe7 13. Bxa8 Rxa8 {½-½ (40) Stein,B (2380)-Nizynski,M (2270) Copenhagen 1989}) 11... h5 12. Bc3 Rab8 13. b4 cxb4 14. axb4 b5 15. d3 Rfc8 16. O-O Bg4 17. Qd2 bxc4 18. dxc4 Bxe2 (18... Nxd5 {with more complications.} 19. cxd5 Ne7 20. f3 Bh3 21. e4 Rc7) 19. Qxe2 Nxd5 20. Bxd5 Nxb4 21. Bxb4 Rxb4 22. Qd3 {[#] Threatens to win with Qxg6.} Rc5 (22... e4 $1 $11 {[%mdl 512]} 23. Qa3 (23. Qxe4 Bxa1) 23... a5 24. Qxa5 Rcb8) 23. Ra6 $14 Rb6 24. Rxb6 axb6 25. Rb1 Qc7 26. Rb3 Kh7 27. Qb1 Ra5 28. Rxb6 Ra7 $1 29. Rc6 Qd8 30. Kg2 Bf6 31. Qb4 Rd7 (31... Bxh4 $1 $11 {remains equal.} 32. gxh4 (32. Rxd6 Be7 $14) 32... Qxh4) 32. Rb6 Kg7 33. Rb8 Qc7 34. Qb5 {aiming for Rb7.} Qa7 35. Ra8 Qc7 36. Qa6 Qc5 37. Qa4 Qc7 38. Bc6 Re7 39. Qa6 Kh7 40. Bd5 {Hoping for Rc8.} Kg7 41. Rc8 Qd7 42. Qa8 Kh7 {[#]} (42... Qa7 $142) 43. Qb8 (43. e4 $1 $16) 43... e4 $11 44. Rc6 Be5 45. Qb1 Qe8 46. Rb6 f5 47. Rb8 Qd7 48. Qb5 Qa7 49. Ra8 Qc7 50. Bc6 Rg7 51. Bd5 Re7 52. Qa6 Bg7 53. Rc8 Qd7 54. Qa8 Qa7 55. Qc6 Qd7 56. Qa6 Be5 (56... f4 $5) 57. Rb8 {Rb7 is the strong threat.} Qc7 $2 {[%mdl 8192]} (57... Kh6 $14) 58. Rb7 $18 Qd8 {[#]} 59. Qa8 $1 {[%mdl 512] Precision: White = 66%, Black = 54%.} 1-0

[Event "ROU-ch Women 2018"]
[Site "Olanesti"]
[Date "2018.05.22"]
[Round "9"]
[White "Cosma, Elena-Luminita"]
[Black "Ciolacu, Alessia-Mihaela"]
[Result "1-0"]
[WhiteElo "2331"]
[BlackElo "1843"]
[Annotator "TA"]
[PlyCount "151"]
[EventDate "2018.??.??"]
[EventType "swiss"]
[EventCountry "ROU"]
[SourceTitle "playchess.com"]
[Source "ChessBase"]
[SourceQuality "1"]

{[%evp 22,151,12,9,20,0,0,0,0,-17,0,0,0,0,55,57,82,83,93,81,87,-76,-77,-89,-48,-68,-40,-32,2,-18,10,6,53,71,143,0,63,11,11,11,11,10,11,11,23,11,12,12,14,7,7,0,0,0,0,0,0,0,6,0,0,0,0,0,0,0,0,0,0,0,0,0,0,0,0,0,0,0,0,0,0,0,0,0,0,0,16,16,16,16,16,16,16,16,124,124,128,8,102,8,8,8,580,81,29961,29962,29964,29965,29967,29968,29969,29970,29969,29970,29971,29973,29973,29974,29974,29975,29973,29976,29975,29975,29971,29970,29984,29985,29988,29989,29989,29990]} 1. d4 Nf6 2. Nf3 b6 3. g3 Bb7 4. Bg2 c5 5. c4 cxd4 6. Qxd4 Nc6 7. Qf4 e6 8. O-O Ne7 {A30: Symmetrical English: Double Fianchetto and Hedgehog} 9. Qd4 (9. b3 Ng6 10. Qd2 Be7 11. Bb2 O-O 12. Nc3 Qb8 13. Rfd1 Rd8 14. Qc2 d5 15. cxd5 Nxd5 16. Nxd5 Rxd5 17. Rxd5 Bxd5 {½-½ (29) Radjabov,T (2733)-Bruzon Batista,L (2698) Tromsoe 2013}) 9... Ng6 10. Nc3 Bc5 11. Qd3 Rc8 12. b3 {LiveBook: 3 Games} O-O 13. Bg5 h6 14. Bxf6 Qxf6 15. Ne4 Qe7 16. Nxc5 Rxc5 $146 ({Predecessor:} 16... bxc5) 17. e4 Ba6 (17... d5 $11 18. exd5 exd5) 18. Nd4 $14 d5 19. exd5 exd5 20. Nf5 Qf6 21. Ne3 $2 (21. Bxd5 $16 {is forced if you want to stay better.} b5 22. Ne3) 21... dxc4 $17 22. Qe2 Qe6 23. Rfd1 Qc8 24. b4 Re5 25. Qc2 Ne7 26. a4 b5 27. Qc3 f6 (27... Rh5 $142) 28. Rd6 (28. axb5 $16 Bxb5 29. f4 (29. Rxa7 Qe6 $16)) 28... Rd8 {[#]} (28... bxa4 $11 29. Rxa4 Bb5 30. Rxa7 Qb8) 29. Rxd8+ (29. Bh3 $1 $14 {[%mdl 512]} Rxd6 (29... Qxh3 30. Rxd8+) 30. Bxc8 Nxc8 31. axb5 Bxb5 32. Qc2) 29... Qxd8 $11 30. axb5 Bxb5 31. Nxc4 Qc7 32. Rc1 Bxc4 33. Qxc4+ Qxc4 34. Rxc4 {[%mdl 4096] Endgame KRB-KRN} a5 35. f4 Rb5 36. Rc7 {bxa5 is the strong threat.} Kf7 37. bxa5 Rxa5 38. Bf1 Ra1 39. Rb7 Rc1 40. Kf2 Rc2+ 41. Be2 Ke6 42. Ke1 g5 43. Kd1 Rc6 44. Bg4+ f5 45. Bf3 Rd6+ 46. Ke2 gxf4 47. gxf4 Nd5 48. Bxd5+ Kxd5 {KR-KR} 49. Kf3 Rc6 50. Re7 Kd6 51. Re3 Rc7 52. h3 Re7 {Threatens to win with ...Rxe3+.} 53. Ra3 Re6 54. Ra5 Rf6 55. Re5 Kd7 56. Kg3 Kd6 57. Kh4 Rg6 {[#]} (57... Kc6 $11) 58. Kh5 $1 $16 {[%cal Rh5g6]} Rg3 59. h4 ({Much worse is} 59. Rxf5 $6 Rxh3+ 60. Kg4 Rh1 $11) ({White has to play} 59. Kxh6 $16 Rxh3+ 60. Kg6) 59... Rg2 (59... Rg8 $1 $11 {keeps the balance.}) 60. Kxh6 (60. Rxf5 $16 Ke6 61. Ra5) 60... Rg4 $11 61. Rxf5 {Hoping for Kh5.} Rxh4+ $2 {[%mdl 8192] [#]} (61... Ke6 $1 $11 62. Ra5 Rxh4+ 63. Kg5 Rh1) 62. Kg5 $2 (62. Kg7 $1 $18 {[%cal Rg7g6]} Rg4+ 63. Kf7) 62... Rh1 $2 {[%mdl 8192]} (62... Rh8 $16) 63. Re5 {White mates.} Rg1+ 64. Kf6 Rf1 65. f5 Kd7 66. Kg6 Rg1+ 67. Kf7 Rf1 68. Rd5+ Kc6 69. Ke6 Re1+ 70. Re5 Rd1 71. f6 Rd6+ 72. Ke7 Rd7+ 73. Ke8 Ra7 74. f7 Kd6 75. f8=Q+ Kxe5 76. Qc5+ {Precision: White = 53%, Black = 39%.} 1-0

[Event "ROU-ch Women 2018"]
[Site "Olanesti"]
[Date "2018.05.22"]
[Round "9"]
[White "Panainte, Andreea-Bianca"]
[Black "Dragomirescu, Angela"]
[Result "0-1"]
[WhiteElo "1894"]
[BlackElo "2272"]
[Annotator "NA RC"]
[PlyCount "58"]
[EventDate "2018.??.??"]
[EventType "swiss"]
[EventCountry "ROU"]
[SourceTitle "playchess.com"]
[Source "ChessBase"]
[SourceQuality "1"]
[TimeControl "40/5400+30:1800+30"]

1. e4 {[%emt 0:00:00]} d6 {[%emt 0:00:08]} 2. d4 {[%emt 0:00:00]} Nf6 {[%emt 0:00:06]} 3. Nc3 {[%emt 0:00:00]} g6 {[%emt 0:00:15]} 4. f4 {[%emt 0:00:19]} Bg7 {[%emt 0:00:05]} 5. Nf3 {[%emt 0:00:04]} O-O {[%emt 0:00:04]} 6. Bd3 {[%emt 0:00:11]} Na6 {[%emt 0:00:07]} 7. O-O {[%emt 0:00:45]} c5 {[%emt 0:00:08]} 8. e5 {[%emt 0:03:21]} Nd7 {[%emt 0:02:09]} 9. Ne4 {[%emt 0:07:02]} cxd4 {[%emt 0:06:03]} 10. exd6 {[%emt 0:00:43]} Nac5 {[%emt 0:00:46]} 11. dxe7 {[%emt 0:02:15]} Qxe7 {[%emt 0:00:13]} 12. Re1 {[%emt 0:00:31]} Nxd3 {[%emt 0:01:32]} 13. cxd3 {[%emt 0:03:51]} Nb6 {[%emt 0:07:38]} 14. Qc2 {[%emt 0:02:05]} Qd8 {[%emt 0:10:16]} 15. Qf2 {[%emt 0:03:28]} Nd5 {[%emt 0:17:56]} 16. Bd2 {[%emt 0:03:49]} Qb6 {[%emt 0:00:09]} 17. b3 {[%emt 0:01:25]} Be6 {[%emt 0:07:36]} 18. Ne5 {[%emt 0:02:06]} Rac8 {[%emt 0:04:12]} 19. Nc4 {[%emt 0:03:31]} Qa6 {[%emt 0:01:55]} 20. h3 {[%emt 0:03:08]} Rfd8 {[%emt 0:09:13]} 21. a4 {[%emt 0:08:53]} Ne3 {[%emt 0:03:08]} 22. Rec1 {[%emt 0:03:21]} Bd5 {[%emt 0:02:11]} 23. Qh4 {[%emt 0:19:24]} Nxg2 {[%emt 0:10:59]} 24. Qg5 {[%emt 0:02:46]} Ne3 {[%emt 0:01:10]} 25. Ncd6 {[%emt 0:09:10]} Rxc1+ {[%emt 0:04:48]} 26. Rxc1 {[%emt 0:00:37]} f6 {[%emt 0:00:02]} 27. Qg3 {[%emt 0:18:08]} Bxe4 {[%emt 0:02:00]} 28. Nxe4 {[%emt 0:00:31]} Qxd3 {[%emt 0:00:19]} 29. Qf2 {[%emt 0:02:18]} Qxe4 {[%emt 0:00:11]} 0-1